000 00330 a2200157 4500
001 168755
020 _a
040 _cMagnum
100 _aGewandsznajder, Fernando
240 1 0 _aCiencias - 6ª serie
_lpor
245 1 0 _aCiencias - 6ª serie
362 0 _a1899
440 1 _aÁtica
697 _aPARADIDATICOS
942 _cBK
999 _c168755
_d168755